KOHA-Header-6

Inside Taligent Technology (Record no. 6491)

000 -LEADER
fixed length control field 00267nam a2200109Ia 4500
100 ## - MAIN ENTRY--AUTHOR NAME
Personal name Cotter,Sean
245 #0 - TITLE STATEMENT
Title Inside Taligent Technology
260 ## - PUBLICATION, DISTRIBUTION, ETC. (IMPRINT)
Place of publication New York
Name of publisher Addision-Wesley
Year of publication 1995
300 ## - PHYSICAL DESCRIPTION
Number of Pages 476
942 ## - ADDED ENTRY ELEMENTS (KOHA)
Koha item type Books
Holdings
Withdrawn status Lost status Collection code Permanent Location Current Location Shelving location Date acquired Full call number Accession Number Koha item type
    Computer Science MAJU MAJU Shelf No.A16 2019-09-07 338.5 70 Computer Science

Powered by Koha